000
00319nam a2200121Ia 4500
005
20251222152008.0
008
251222s9999||||xx |||||||||||||| ||spa||
082
_a
630/M61
245
0
_a
Boletín Estadístico Mensual del Sector Agrario
250
_a
1ra.ed.
264
_b
Oficina de Información Agraria
942
_c
LIB
999
_c
24801
_d
24801